000 00663nam a2200217 a 4500
008 951121s1989||||[C 0 slo c
020 _c26 Kčs.
_q(5000 výtl.)
040 _aSNK
_bslo
_cSNK
_eAACR2
041 1 _aslo
_hpol
044 _axo
_cSK
080 _a884-3
100 1 _aDomino, Zbigniew
_4aut
245 1 0 _aJe čas ísť domov, chlapci
_cZbigniew Domino ; Jaroslav Coplák, Adela Jakabová
250 _a1., vyd.
260 _aBratislava
_bPravda
_c1989
_eBratislava
_fPravda
300 _a201 s., 11,51 AH
_c21 cm
500 _aIlustr. na front. a predsádkach.
700 1 _aCoplák, Jaroslav
_4trl
700 1 _aJakabová, Adela
_4bkd
958 _aA
999 _c10307
_d10307